Statistics for Stock Symbols Quiz

Click here to take the quiz!

General Stats

  • This quiz has been taken 23,928 times
    (12,301 since last reset)
  • The average score is 13 of 24

Answer Stats

SymbolCompany% Correct
NKENike
99%
AAPLApple
97%
MSFTMicrosoft
94%
METAMeta
92%
COSTCostco
79%
CSCOCisco
72%
FDXFedex
70%
SBUXStarbucks
66%
MCDMcDonald's
65%
DISWalt Disney
59%
CATCaterpillar
58%
WMTWalmart
55%
BABAAlibaba
47%
INTCIntel
46%
JNJJohnson & Johnson
45%
FFord
41%
MMM3M
38%
GSGoldman Sachs
31%
BRK-ABerkshire Hathaway
30%
XOMExxon
25%
KOCoca Cola
24%
HDHome Depot
23%
AXPAmerican Express
22%
TAT&T
21%

Score Distribution

Percentile by Number Answered

Percent of People with Each Score

Your Score History

You have not taken this quiz since the last reset